00390nam a22001337a 450000500170000000800410001704100130005808200130007110000130008424500670009726000350016430000310019965000260023020240422122937.0240422b |||||||| |||| 00| 0 eng d aEnglish  a349 LAW  lEnglish  aThe Law Reports : Queens Bench Division cedited by JR Bulwer  aLondon: bLincoln's Inn,c1876 bxxiv, 803 pages ; c26 cm. aLegal practice bLaw